Ballon d'Or - classement 2000 - Statistiques

Statistiques générales
  • Ce quiz a été pris 92 fois
  • Le résultat moyen est 17 sur 30
Statistiques - réponses
Poste Club Nationalité Rang Réponse % Correct
Milieu Juventus France 2 Zinédine Zidane
100%
Attaquant Arsenal France 4 Thierry Henry
95%
Milieu Real Madrid Portugal 1 Luís Figo
94%
Attaquant Milan AC Ukraine 3 Andriy Shevchenko
90%
Défenseur Milan AC Italie 10 Paolo Maldini
83%
Gardien Manchester United France 12 Fabien Barthez
81%
Attaquant FC Barcelone Brésil 5 Rivaldo
81%
Attaquant Juventus France 22 David Trezeguet
76%
Attaquant Real Madrid Espagne 9 Raúl González
73%
Attaquant AS Rome Italie 14 Francesco Totti
72%
Défenseur Lazio Rome Italie 5 Alessandro Nesta
71%
Gardien Bayern Munich Allemagne 24 Oliver Kahn
71%
Défenseur Real Madrid Brésil 14 Roberto Carlos
71%
Attaquant Fiorentina Argentine 7 Gabriel Batistuta
68%
Défenseur Chelsea France 24 Marcel Desailly
68%
Milieu Lazio Rome République Tchèque 22 Pavel Nedved
63%
Milieu Juventus Pays Bas 18 Edgar Davids
60%
Milieu Manchester United Irlande 27 Roy Keane
60%
Défenseur Inter Milan France 27 Laurent Blanc
58%
Attaquant FC Barcelone Pays Bas 17 Patrick Kluivert
54%
Milieu Manchester United Angleterre 10 David Beckham
53%
Milieu Lazio Rome Argentine 27 Juan Sebastián Verón
40%
Milieu Fiorentina Portugal 24 Rui Costa
37%
Attaquant Inter Milan Turquie 18 Hakan Şükür
32%
Gardien Fiorentina Italie 14 Francesco Toldo
24%
Milieu Valence CF Espagne 8 Gaizka Mendieta
10%
Attaquant Galatasaray Brésil 18 Mário Jardel
9%
Milieu Milan AC Argentine 18 Fernando Redondo
4%
Attaquant Lazio Rome Argentine 27 Claudio López
3%
Milieu Olympiakos Slovénie 12 Zlatko Zahovič
3%
Aucun quiz correspondant
Distribution des résultats
% des personnes avec chaque résultat
Percentile par nombre de réponses
Votre historique - résultats
Vous n’avez pas pris ce quiz